000 01311nam a22001937a 4500
005 20240124155833.0
010 _aB-757222-227
020 _a9788195933495
_c475.00
035 _aB-757222-227
037 _bअक्षरेश एंटरप्राइज़ेज़
082 _a000
245 _aदर्शनशास्त्र प्रश्नोत्तर रूप में :
_bसिविल सेवा परीक्षा के लिए /
_cसंपादक एन.एन.ओझा
260 _aउत्तर प्रदेश
_bक्रॉनिकल पब्लिकेशन प्रा.लि.
_c2023
270 _aए-27डी, सेक्टर-16, नोएडा
_bउत्तर प्रदेश
_e201301
300 _a394पृ.
_c28सेमी(अजिल्द)
700 _aओझा,एन.एन.
_eसंपादक
_961076
942 _2ddc
_cHN
_h000
_mदर्शन
999 _c200239
_d200239